000 00581nam a2200181 i 4500
001 42342
003 ES-MaACL
005 20230906160608.0
007 t|
008 030313s1958 sp ||||1| spa d
100 1 _aCastillo de Lucas, Antonio.
_936735
245 1 0 _aFolkmedicina
_b: medicina popular /
_cAntonio Castillo de Lucas ; prólogo de Pedro Laín Entralgo.
260 _a[Madrid] :
_bDossat,
_c1958.
300 _aXIX, 620 p., 17 lám. ;
_c22 cm.
700 1 _aLaín Entralgo, Pedro,
_d1908-2001
_969681
852 _aES-MaACL
_jC-14205
_bR.42140
999 _c42342
_d42342